Štátna služba

Bibliographic Details
Previous Title:Vestník Úradu pre štátnu službu
Format: Journal
Language:Slovak
PhysicalDescription:4 zv. 42 cm
Published: Bratislava Úrad pre štátnu službu 2003-2006
ISSN:1336-1902
Subjects:

MARC

LEADER 00000cas a2200000 a 4500
001 vtls008689212
003 SK-MaSNL
005 20260425194005.0
008 170907d20032006xo br|p 0 b0slo
022 |a 1336-1902 
040 |a SVKPO  |b slo  |c SVKPO  |d SNK  |e AACR2 
041 0 |a slo 
043 |a e-xo--- 
044 |a xo  |c SK 
072 7 |a 342  |x Ústavné právo. Správne právo  |2 konspekt 
080 |a 050  |2 2001 
080 |a 342.98  |2 2001 
080 |a (437.6)  |2 2011 
080 |a (094.5)  |2 2011 
210 0 |a Štátna služ. 
222 0 |a Štátna služba 
245 0 0 |a Štátna služba 
260 |a Bratislava  |b Úrad pre štátnu službu  |c 2003-2006 
300 |a 4 zv.  |c 42 cm 
310 |a 1x za 2 mesiace 
362 0 |a Roč. 1, č. 1 (2003)-roč. 4, č. 2-3 (2006) 
500 |a Časopis slúži ako Vestník Úradu pre štátnu službu 
500 |a Reg. č. MK SR 2928/2003 
650 0 7 |a štátna služba  |2 SNKPH  |9 1541 
651 7 |a Slovensko  |2 SNKPH  |9 14231 
655 7 |a právne predpisy  |2 SNKPH  |9 70481 
710 1 |a Slovensko.  |b Úrad pre štátnu službu  |4 pbl  |9 154574 
770 0 |t Výberové konania  |w vtls011709904 
770 0 |t Služobné predpisy  |w vtls011709702 
780 0 0 |t Vestník Úradu pre štátnu službu 
910 |a snk 
916 |a 2003-2006 
999 |c 832  |d 832 
952 |t č. 1-6  |a SNK  |b SNK  |y PREZ  |7 0  |p 17A1264179  |o snkČSA 1428/1/2003  |i snk2017/19275  |8 0  |f 1  |0 0  |1 0  |4 0  |d 2017-09-05  |l 0  |r 2026-02-21 21:49:04  |w 2026-02-21 
952 |t č. 1-6  |a SNK  |b SNK  |y PREZ  |7 0  |p 17A1264180  |o snkČSA 1428/2/2004  |i snk2017/19275  |8 0  |f 1  |0 0  |1 0  |4 0  |d 2017-09-05  |l 0  |r 2026-02-21 21:49:05  |w 2026-02-21 
952 |t č. 1-6  |a SNK  |b SNK  |y PREZ  |7 0  |p 17A1264181  |o snkČSA 1428/3/2005  |i snk2017/19275  |8 0  |f 1  |0 0  |1 0  |4 0  |d 2017-09-05  |l 0  |r 2026-02-21 21:49:05  |w 2026-02-21 
952 |t č. 1-3  |a SNK  |b SNK  |y PREZ  |7 0  |p 17A1264182  |o snkČSA 1428/4/2006  |i snk2017/19275  |8 0  |f 1  |0 0  |1 0  |4 0  |d 2017-09-05  |l 0  |r 2026-02-21 21:49:05  |w 2026-02-21 
952 |t č. 1-6  |a SNK  |b SNK  |y PREZ  |7 0  |p 17A1264183  |o snkČSA 1428/1/2003 D1  |i snk2017/19276  |8 0  |0 0  |1 0  |4 0  |d 2017-09-05  |l 0  |r 2026-02-21 21:49:05  |w 2026-02-21 
952 |t č. 1-6  |a SNK  |b SNK  |y PREZ  |7 0  |p 17A1264184  |o snkČSA 1428/2/2004 D1  |i snk2017/19276  |8 0  |0 0  |1 0  |4 0  |d 2017-09-05  |l 0  |r 2026-02-21 21:49:05  |w 2026-02-21 
952 |t č. 1-6  |a SNK  |b SNK  |y PREZ  |7 0  |p 17A1264185  |o snkČSA 1428/3/2005 D1  |i snk2017/19276  |8 0  |0 0  |1 0  |4 0  |d 2017-09-05  |l 0  |r 2026-02-21 21:49:05  |w 2026-02-21 
952 |t č. 1-3  |a SNK  |b SNK  |y PREZ  |7 0  |p 17A1264186  |o snkČSA 1428/4/2006 D1  |i snk2017/19276  |8 0  |0 0  |1 0  |4 0  |d 2017-09-05  |l 0  |r 2026-02-21 21:49:05  |w 2026-02-21